MARC

LEADER 00000nam0a2200000 4500
001 89143
005 20231031102927.0
035 |a (RuTPU)RU\TPU\book\95638 
090 |a 89143 
100 |a 20060116d1968 m y0rusy50 ca 
101 0 |a rus 
102 |a RU 
105 |a a z 000zy 
200 1 |a Контроль качества сварных соединений  |e обзорная информация  |f Министерство монтажных и специальных строительных работ СССР 
210 |a Москва  |c ЦБТИ  |d 1968 
215 |a 127 с.  |c ил. 
610 1 |a сварные соединения 
610 1 |a сварные швы 
610 1 |a технический контроль 
610 1 |a сборники 
610 1 |a дефектоскопия 
675 |a 621.791.056  |v 3 
712 0 2 |a Министерство монтажных и специальных строительных работ СССР 
801 1 |a RU  |b 63413507  |c 20060116  |g PSBO 
801 2 |a RU  |b 63413507  |c 20060306  |g PSBO 
942 |c BK